Metamorfosi : ... ovvero Poesia della leggerezza /

Đã lưu trong:
Chi tiết về thư mục
Tác giả chính: Di Salvo, Riccardo
Tác giả khác: Marchese, Claudio, Amantia, Luisa
Định dạng: Sách
Ngôn ngữ:Tiếng Anh
Được phát hành: Catania Edizione Comunicazione Globale
Các nhãn: Thêm thẻ
Không có thẻ, Là người đầu tiên thẻ bản ghi này!

MARC

LEADER 00000nam a2200000 4500
001 CDOM0000003932
003 mi
005 20251004001400.0
008 251004b |||||||| |||| 00| 0 eng d
040 |c mi 
100 |a Di Salvo, Riccardo 
245 1 |a Metamorfosi :  |b ... ovvero Poesia della leggerezza /  |c Riccardo Di Salvo ; Claudio Marchese ; Luisa Amantia 
260 |a Catania  |b Edizione Comunicazione Globale 
300 |a 24 p.  |c 20,5 cm. 
700 |a Marchese, Claudio 
700 |a Amantia, Luisa 
942 |2 ddc  |c BK 
952 |0 0  |1 0  |2 ddc  |4 0  |6 LPS_01DISRIMET11  |7 0  |9 7094  |a MI  |b MI  |d 2009-09-21  |i 5675  |l 0  |o LPS01-DISRI-MET11  |p CDOM5675  |r 2025-07-13 16:28:00  |w 2025-07-13  |x DONO CON DEDICA DELL'AUTORE  |y BK 
952 |0 0  |1 0  |2 ddc  |4 0  |6 LPS_01DISRIMET12  |7 0  |9 7095  |a MI  |b MI  |d 2009-09-21  |i 5676  |l 0  |o LPS01-DISRI-MET12  |p CDOM5676  |r 2025-07-13 16:28:00  |w 2025-07-13  |x DONO CON DEDICA DELL'AUTORE  |y BK 
999 |c 5798  |d 5798